Die Grundlagen der Einkommmensteuer ...
Saved in:
| Main Author: | |
|---|---|
| Format: | Book |
| Language: | German |
| Published: |
München,
J.F. Bergmann,
1940.
|
| Subjects: | |
| Tags: |
Add Tag
No Tags, Be the first to tag this record!
|
| LEADER | 00615nam a2200217I 4500 | ||
|---|---|---|---|
| 001 | 005407357-X | ||
| 005 | 20020606163548.3 | ||
| 008 | 950313s1940 gw 000 0 ger c | ||
| 010 | |a af 47006859 | ||
| 035 | 0 | |a ocn234362933 | |
| 040 | |a Harvard Univ. Library |c HVL | ||
| 050 | 0 | |a HJ4719 |b .B43 | |
| 082 | |a 336.24 | ||
| 100 | 1 | |a Becker, Enno, |d 1869-1940. | |
| 245 | 1 | 4 | |a Die Grundlagen der Einkommmensteuer ... |
| 260 | |a München, |b J.F. Bergmann, |c 1940. | ||
| 300 | |a xxviii, 520 p. |c 25 cm. | ||
| 650 | 0 | |a Income tax |x Law and legislation |z Germany. | |
| 690 | 9 | |a Income tax |z Germany. |5 law | |
| 988 | |a 20020608 | ||
| 906 | |0 MH | ||


